[Event "CRO-chT2 Center 26th"]
[Site "Croatia"]
[Date "2017.04.02"]
[Round "3.24"]
[White "Purgar, Ivona"]
[Black "Turcin, Lovro"]
[Result "1-0"]
[WhiteElo "2156"]
[BlackElo "2159"]
[PlyCount "53"]
[EventDate "2017.03.26"]
[EventType "team-tourn"]
[EventRounds "11"]
[EventCountry "CRO"]
[SourceTitle "EXT 2019"]
[Source "ChessBase"]
[SourceDate "2018.10.10"]
[SourceVersion "1"]
[SourceVersionDate "2018.10.10"]
[SourceQuality "1"]

1. e4 e5 2. Nf3 Nc6 3. Bb5 a6 4. Ba4 Nf6 5. d3 b5 6. Bb3 Be7 7. 0-0 d6 8. a4 Bg4 9. c3 0-0 10. h3 Bd7 11. axb5 axb5 12. Rxa8 Qxa8 13. Nbd2 Na5 14. Bc2 c5 15. Re1 Nc6 16. Nf1 Qa1 17. Ne3 b4 18. Nd5 Bd8 19. d4 exd4 20. cxd4 cxd4 21. Nxd4 Nxd5 22. exd5 Ne5 23. Bf5 Bb6 24. Bxd7 Nxd7 25. Nf5 Bc5 26. Qg4 g6 27. Nh6+ 1-0

[Event "CRO-chT2 Center 25th"]
[Site "Croatia"]
[Date "2016.10.23"]
[Round "9.25"]
[White "Turcin, Lovro"]
[Black "Furjan, Antun"]
[Result "0-1"]
[WhiteElo "2174"]
[BlackElo "1991"]
[PlyCount "120"]
[EventDate "2016.03.13"]
[EventType "team-tourn"]
[EventRounds "11"]
[EventCountry "CRO"]
[SourceTitle "EXT 2019"]
[Source "ChessBase"]
[SourceDate "2018.10.10"]
[SourceVersion "1"]
[SourceVersionDate "2018.10.10"]
[SourceQuality "1"]

1. e4 c5 2. Be2 d6 3. f4 g6 4. Nf3 Bg7 5. c3 Nf6 6. d3 0-0 7. 0-0 Nc6 8. Kh1 Qc7 9. Be3 b6 10. Nbd2 Bb7 11. Qe1 b5 12. Qh4 e6 13. g4 Qe7 14. a4 b4 15. d4 Nd7 16. Qg3 a5 17. g5 Rfb8 18. Bb5 bxc3 19. bxc3 cxd4 20. cxd4 Nb4 21. Rac1 Rc8 22. Qf2 Na2 23. Rxc8+ Rxc8 24. e5 Rc2 25. Bd3 Rc3 26. Be4 d5 27. Bb1 Nb4 28. Qg1 Nb6 29. Rc1 Qc7 30. Nb3 Nxa4 31. Bd2 Rxc1 32. Nxc1 Nc3 33. Nd3 Nxd3 34. Bxd3 Ne4 35. Qe1 a4 36. Bb4 Bf8 37. Bxf8 Kxf8 38. Qb4+ Qe7 39. Qe1 a3 40. Kg2 Kg7 41. Qa5 Bc6 42. Ne1 Nxg5 43. fxg5 Qxg5+ 44. Kf3 Qh5+ 45. Ke3 Qxh2 46. Nc2 Qg3+ 47. Ke2 h5 48. Nxa3 Qg4+ 49. Ke3 Qg1+ 50. Kd2 Qxd4 51. Qc7 Qb4+ 52. Ke3 Qe1+ 53. Kd4 Qf2+ 54. Kc3 Qc5+ 55. Kb2 Qd4+ 56. Kc2 Ba4+ 57. Kd2 Qb2+ 58. Nc2 Bxc2 59. Bxc2 Qd4+ 60. Bd3 Qf4+ 0-1

[Event "Hum na Sutli op 10th"]
[Site "Hum na Sutli"]
[Date "2016.09.02"]
[Round "8"]
[White "Tica, Sven"]
[Black "Turcin, Lovro"]
[Result "1/2-1/2"]
[WhiteElo "2260"]
[BlackElo "2181"]
[PlyCount "113"]
[EventDate "2016.08.26"]
[EventType "swiss"]
[EventRounds "9"]
[EventCountry "CRO"]
[SourceTitle "CBM 174 Extra"]
[Source "ChessBase"]
[SourceDate "2016.10.10"]
[SourceVersion "1"]
[SourceVersionDate "2016.10.10"]
[SourceQuality "1"]

1. d4 f5 2. g3 Nf6 3. Bg2 g6 4. c3 Bg7 5. Qb3 c6 6. Nf3 Qb6 7. Nbd2 Qxb3 8. axb3 d5 9. b4 e6 10. Nb3 b6 11. Ne5 Bb7 12. Nd3 Nbd7 13. Bf4 Ke7 14. 0-0 Nh5 15. Bg5+ Bf6 16. Bxf6+ Nhxf6 17. f3 Ne8 18. e4 Nd6 19. Nd2 a5 20. Rfe1 axb4 21. Rxa8 Rxa8 22. exd5 cxd5 23. Nxb4 Kf6 24. g4 Nb8 25. Nb3 Nc6 26. Nd3 Ra2 27. Nbc1 Ra1 28. Kf2 Kf7 29. g5 Ba6 30. Nf4 Nd8 31. h4 Rb1 32. Ncd3 Bxd3 33. Nxd3 Rxe1 34. Kxe1 Nc6 35. b3 Ke7 36. Kd2 Nf7 37. Ke3 Kd6 38. f4 Na5 39. Ne5 Nxe5 40. dxe5+ Kd7 41. b4 Nc6 42. Bf1 Na7 43. Be2 Ke7 44. h5 Kf7 45. h6 Kf8 46. Kd3 Kf7 47. Bf3 Ke7 48. Kc2 Kf7 49. Kb3 Ke7 50. Ka4 Kf7 51. b5 Nc8 52. Kb4 Ne7 53. c4 dxc4 54. Kxc4 Ng8 55. Bc6 Ne7 56. Bf3 Ng8 57. Bc6 1/2-1/2

[Event "Hum na Sutli op 10th"]
[Site "Hum na Sutli"]
[Date "2016.08.31"]
[Round "6"]
[White "Turcin, Lovro"]
[Black "Pandurevic, Miro"]
[Result "1-0"]
[WhiteElo "2181"]
[BlackElo "2295"]
[PlyCount "200"]
[EventDate "2016.08.26"]
[EventType "swiss"]
[EventRounds "9"]
[EventCountry "CRO"]
[SourceTitle "CBM 174 Extra"]
[Source "ChessBase"]
[SourceDate "2016.10.10"]
[SourceVersion "1"]
[SourceVersionDate "2016.10.10"]
[SourceQuality "1"]

1. e4 c5 2. Be2 Nc6 3. f4 Nd4 4. Nf3 Nxe2 5. Qxe2 e6 6. 0-0 d5 7. d3 Nf6 8. e5 Ng8 9. c3 Bd7 10. Na3 a6 11. Nc2 Nh6 12. Rd1 b5 13. b4 a5 14. Bd2 d4 15. bxa5 dxc3 16. Bxc3 b4 17. Be1 Nf5 18. a3 b3 19. Ne3 Ba4 20. Nc4 Bc6 21. Bc3 Be7 22. Rdb1 Rb8 23. Rb2 0-0 24. Rab1 Ba4 25. Nb6 Bb5 26. Nc4 Nd4 27. Nxd4 cxd4 28. Rxb3 dxc3 29. Rxb5 Qd4+ 30. Qe3 Bc5 31. Rxb8 Qd5 32. Rxf8+ Kxf8 33. Kf2 g5 34. g3 gxf4 35. gxf4 Bxe3+ 36. Kxe3 Qg2 37. Rc1 c2 38. Nd2 Qc6 39. Nc4 Qc5+ 40. Kd2 Qf2+ 41. Kc3 Qxh2 42. Rxc2 Qg1 43. Rb2 h5 44. Rb6 Qd1 45. Rb4 Qc1+ 46. Kb3 Qd1+ 47. Kc3 Qa1+ 48. Kc2 Qd4 49. Rb6 Qd7 50. a6 Qa4+ 51. Kc3 h4 52. Rb2 Qxa6 53. Rh2 Qa7 54. Rxh4 Qf2 55. Rh6 Qxf4 56. Rf6 Qc1+ 57. Kd4 Qh1 58. Kc3 Ke7 59. Kc2 Qa1 60. Rf4 Kf8 61. Rf6 Qd4 62. a4 Qa1 63. a5 Ke7 64. Kb3 Qb1+ 65. Kc3 Qa2 66. Rf1 Qg2 67. Rf6 Qc6 68. Rf1 Qa4 69. Rf6 Qa1+ 70. Kc2 Qg1 71. Kc3 Qa7 72. Rf1 Kd8 73. Rf6 Qc7 74. Rf1 Qa7 75. Rf6 Ke7 76. Rf1 Qc5 77. Rf6 Qg1 78. Kc2 Qa1 79. Kb3 Qe1 80. Kc2 Qb4 81. Rf1 Kd7 82. Rxf7+ Kc6 83. Ra7 Qa4+ 84. Kd2 Qa2+ 85. Ke3 Qa1 86. Ra6+ Kc5 87. Rd6 Qe1+ 88. Kf4 Qf2+ 89. Kg5 Qf5+ 90. Kh6 Qf7 91. a6 Kb5 92. Rb6+ Kc5 93. Rb7 Qf8+ 94. Kg6 Qf5+ 95. Kg7 Qxd3 96. Rc7+ Kb5 97. a7 Qg3+ 98. Kf7 Qf3+ 99. Ke7 Qd5 100. Nd6+ Kb6 1-0

[Event "Hum na Sutli op 10th"]
[Site "Hum na Sutli"]
[Date "2016.08.30"]
[Round "5"]
[White "Samovojska, Damir"]
[Black "Turcin, Lovro"]
[Result "0-1"]
[WhiteElo "2205"]
[BlackElo "2181"]
[PlyCount "116"]
[EventDate "2016.08.26"]
[EventType "swiss"]
[EventRounds "9"]
[EventCountry "CRO"]
[SourceTitle "CBM 174 Extra"]
[Source "ChessBase"]
[SourceDate "2016.10.10"]
[SourceVersion "1"]
[SourceVersionDate "2016.10.10"]
[SourceQuality "1"]

1. g3 g6 2. Bg2 Bg7 3. c4 Nf6 4. Nc3 0-0 5. b4 c6 6. Qb3 d5 7. cxd5 Nxd5 8. Bb2 Be6 9. Nxd5 Bxd5 10. Bxd5 Qxd5 11. Qxd5 cxd5 12. Bxg7 Kxg7 13. Nf3 Nd7 14. d3 a5 15. b5 Rfc8 16. Kd2 e5 17. Rhc1 f6 18. Rab1 Nb6 19. g4 Kf7 20. h4 Ke6 21. g5 Kf5 22. Rg1 e4 23. Nh2 exd3 24. exd3 Rc7 25. Nf3 Rac8 26. Ke3 Re8+ 27. Kd2 Rec8 28. gxf6 Rc2+ 29. Ke3 Kxf6 30. Kd4 Rxa2 31. Ra1 Rxf2 32. Ke3 Rcc2 33. Nd4 Ra2 34. Rac1 Rh2 35. Rc7 Rh3+ 36. Kf4 Rxh4+ 37. Ke3 Rh3+ 38. Kf4 h5 39. Nf3 Rf2 40. Rg3 Rxg3 41. Kxg3 Rb2 42. Rxb7 Rxb5 43. Rc7 a4 44. Kf4 g5+ 45. Ke3 g4 46. Nd4 Rb4 47. Rc6+ Kg5 48. Nc2 Rb2 49. Rc7 g3 50. Ne1 Kg6 51. Nf3 g2 52. Nh4+ Kf6 53. Rc6+ Ke7 54. Nxg2 Rxg2 55. Rxb6 a3 56. Ra6 a2 57. Kf3 Rd2 58. Kf4 Kf7 0-1

[Event "Hum na Sutli op 10th"]
[Site "Hum na Sutli"]
[Date "2016.08.29"]
[Round "4"]
[White "Turcin, Lovro"]
[Black "Nikic, Patrick"]
[Result "1-0"]
[WhiteElo "2181"]
[BlackElo "2026"]
[PlyCount "93"]
[EventDate "2016.08.26"]
[EventType "swiss"]
[EventRounds "9"]
[EventCountry "CRO"]
[SourceTitle "CBM 174 Extra"]
[Source "ChessBase"]
[SourceDate "2016.10.10"]
[SourceVersion "1"]
[SourceVersionDate "2016.10.10"]
[SourceQuality "1"]

1. e4 c5 2. Be2 g6 3. f4 Bg7 4. Nf3 Nc6 5. c3 d5 6. d3 dxe4 7. dxe4 Qxd1+ 8. Bxd1 e5 9. Be3 b6 10. Na3 Nf6 11. Nb5 0-0 12. Bc2 h6 13. 0-0 Ba6 14. a4 Ng4 15. Bd2 exf4 16. Bxf4 g5 17. Bc1 Nge5 18. h4 g4 19. Nxe5 Nxe5 20. Rf5 Bc8 21. Rf1 Rd8 22. Nc7 Rb8 23. Nd5 Bb7 24. Ne7+ Kh7 25. Bf4 Rf8 26. Nf5 Rbe8 27. Nd6 Re7 28. Nxb7 Rxb7 29. Rad1 Re7 30. h5 Rd7 31. Rd5 Rxd5 32. exd5+ Kg8 33. Bf5 Rd8 34. Rd1 f6 35. d6 Bf8 36. d7 Kf7 37. Rd5 Bg7 38. Rd6 Ke7 39. Re6+ Kf7 40. Bxe5 fxe5 41. Re8 Bf6 42. Be6+ Kg7 43. Bxg4 Kf7 44. Be6+ Kg7 45. Kf2 Bg5 46. Kf3 Kf6 47. Ke4 1-0

[Event "Hum na Sutli op 10th"]
[Site "Hum na Sutli"]
[Date "2016.08.28"]
[Round "3"]
[White "Zaja, Ivan"]
[Black "Turcin, Lovro"]
[Result "1-0"]
[WhiteElo "2436"]
[BlackElo "2181"]
[PlyCount "41"]
[EventDate "2016.08.26"]
[EventType "swiss"]
[EventRounds "9"]
[EventCountry "CRO"]
[SourceTitle "CBM 174 Extra"]
[Source "ChessBase"]
[SourceDate "2016.10.10"]
[SourceVersion "1"]
[SourceVersionDate "2016.10.10"]
[SourceQuality "1"]

1. d4 Nf6 2. Bg5 g6 3. Bxf6 exf6 4. e3 d5 5. c4 Bg7 6. Nc3 dxc4 7. Bxc4 0-0 8. Nge2 Nd7 9. h4 Nb6 10. Bb3 Qe7 11. h5 Be6 12. Nf4 Bxb3 13. Qxb3 g5 14. h6 Bh8 15. Nd3 c6 16. Nc5 f5 17. 0-0-0 Rfd8 18. Qc2 Qf6 19. g4 Nd5 20. Qxf5 Nxc3 21. bxc3 1-0

[Event "CRO-ch U19"]
[Site "Vinkovci"]
[Date "2016.07.28"]
[Round "6"]
[White "Turcin, Lovro"]
[Black "Gavran, Marinko"]
[Result "1-0"]
[WhiteElo "2181"]
[BlackElo "1977"]
[PlyCount "57"]
[EventDate "2016.07.25"]
[EventType "swiss"]
[EventRounds "9"]
[EventCountry "CRO"]
[SourceTitle "CBM 173 Extra"]
[Source "ChessBase"]
[SourceDate "2016.08.29"]
[SourceVersion "1"]
[SourceVersionDate "2016.08.29"]
[SourceQuality "1"]

1. e4 d5 2. exd5 Nf6 3. Bb5+ Bd7 4. Bc4 Bg4 5. f3 Bc8 6. Nc3 Nbd7 7. d4 Nb6 8. Bb3 Nbxd5 9. Nxd5 Nxd5 10. Ne2 Bf5 11. 0-0 e6 12. c4 Nb6 13. Ng3 Bg6 14. Be3 Be7 15. Qe2 0-0 16. Rad1 Re8 17. a3 Qc8 18. Ne4 Nd7 19. Ba4 c6 20. d5 exd5 21. cxd5 cxd5 22. Rxd5 Nb6 23. Bxb6 Bxe4 24. Qxe4 axb6 25. Bxe8 Qxe8 26. Re5 Bc5+ 27. Kh1 Qb5 28. Re1 Qxb2 29. Rxc5 1-0

[Event "CRO Cup"]
[Site "Mali Losinj"]
[Date "2016.05.05"]
[Round "2.133"]
[White "Fattorich, Igor"]
[Black "Turcin, Lovro"]
[Result "0-1"]
[WhiteElo "1947"]
[BlackElo "2202"]
[PlyCount "54"]
[EventDate "2016.05.04"]
[EventType "team-swiss"]
[EventRounds "6"]
[EventCountry "CRO"]
[SourceTitle "CBM 172 Extra"]
[Source "ChessBase"]
[SourceDate "2016.06.21"]
[SourceVersion "1"]
[SourceVersionDate "2016.06.21"]
[SourceQuality "1"]
[WhiteTeam "Rovinj Batana"]
[BlackTeam "Novo Virje Konaki"]
[WhiteTeamCountry "CRO"]
[BlackTeamCountry "CRO"]

1. d4 Nf6 2. Nf3 g6 3. Bf4 Bg7 4. Nc3 d5 5. e3 0-0 6. h3 Bf5 7. Be2 c5 8. 0-0 cxd4 9. Nxd4 Nc6 10. g4 Nxd4 11. exd4 Be6 12. Nb5 Ne8 13. Be5 f6 14. Bf4 a6 15. Na3 b5 16. c3 Nd6 17. Nc2 Bf7 18. g5 e5 19. gxf6 exf4 20. fxg7 Kxg7 21. Bd3 Be6 22. Qf3 Qh4 23. Rfe1 Bxh3 24. Re5 Nf7 25. Rae1 Ng5 26. Qxd5 Qg4+ 27. Kh1 Nf3 0-1

[Event "CRO Cup"]
[Site "Mali Losinj"]
[Date "2016.05.04"]
[Round "1.73"]
[White "Turcin, Lovro"]
[Black "Dutina, Dario"]
[Result "0-1"]
[WhiteElo "2202"]
[BlackElo "2333"]
[PlyCount "108"]
[EventDate "2016.05.04"]
[EventType "team-swiss"]
[EventRounds "6"]
[EventCountry "CRO"]
[SourceTitle "CBM 172 Extra"]
[Source "ChessBase"]
[SourceDate "2016.06.21"]
[SourceVersion "1"]
[SourceVersionDate "2016.06.21"]
[SourceQuality "1"]
[WhiteTeam "Novo Virje Konaki"]
[BlackTeam "Sesvete Sljeme"]
[WhiteTeamCountry "CRO"]
[BlackTeamCountry "CRO"]

1. e4 e5 2. Nf3 Nc6 3. Bb5 Nf6 4. d3 d6 5. c3 Bd7 6. 0-0 Be7 7. Nbd2 0-0 8. Re1 a6 9. Ba4 Re8 10. Nf1 Bf8 11. Ng3 b5 12. Bc2 h6 13. a4 b4 14. a5 bxc3 15. bxc3 Na7 16. c4 c5 17. Bd2 Rb8 18. Ba4 Bxa4 19. Qxa4 Qd7 20. Qc2 Rb7 21. Reb1 Reb8 22. Nf5 Nc6 23. Ne3 Be7 24. Nd5 Nxd5 25. cxd5 Nd4 26. Nxd4 exd4 27. Kf1 Rb5 28. Rxb5 Qxb5 29. Ke2 Qb2 30. Qxb2 Rxb2 31. Kd1 Bd8 32. Kc1 Rb5 33. Kc2 g5 34. Rb1 Rxb1 35. Kxb1 Kg7 36. Kc2 f5 37. f3 Kg6 38. e5 dxe5 39. Kb3 Be7 40. Kc4 Kf6 41. Be1 Bd6 42. h3 e4 43. dxe4 fxe4 44. Bf2 exf3 45. gxf3 Kf5 46. Bg1 Bc7 47. Kd3 Bxa5 48. Bh2 Bb4 49. Kc4 a5 50. h4 a4 51. hxg5 hxg5 52. d6 Ke6 53. f4 gxf4 54. Bxf4 a3 0-1

[Event "CRO-chT U20 25th"]
[Site "Sv Filip i Jakov"]
[Date "2016.03.22"]
[Round "3.5"]
[White "Uran, Erik"]
[Black "Turcin, Lovro"]
[Result "0-1"]
[WhiteElo "1598"]
[BlackElo "2181"]
[PlyCount "118"]
[EventDate "2016.03.21"]
[EventType "team-tourn"]
[EventRounds "9"]
[EventCountry "CRO"]
[SourceTitle "CBM 171 Extra"]
[Source "ChessBase"]
[SourceDate "2016.04.26"]
[SourceVersion "1"]
[SourceVersionDate "2016.04.26"]
[SourceQuality "1"]

1. d4 Nf6 2. Nf3 g6 3. g3 Bg7 4. Bg2 0-0 5. 0-0 d5 6. Bf4 c6 7. Qd2 Ne4 8. Qc1 Re8 9. c3 f6 10. Re1 g5 11. Bxb8 Rxb8 12. Nfd2 Bf5 13. f3 Nxd2 14. Nxd2 e5 15. e4 Bg6 16. Nb3 h6 17. Qd2 Qb6 18. Rad1 Rbd8 19. Qf2 Bf8 20. dxe5 Qxf2+ 21. Kxf2 fxe5 22. exd5 cxd5 23. f4 e4 24. fxg5 hxg5 25. Ke3 g4 26. Rf1 Bh6+ 27. Ke2 Rf8 28. Rxf8+ Kxf8 29. Nd4 Ke7 30. Rf1 Rf8 31. Rxf8 Bxf8 32. h3 Bh5 33. hxg4 Bxg4+ 34. Kd2 Bh6+ 35. Kc2 Be3 36. Nb3 Bf2 37. c4 dxc4 38. Bxe4 cxb3+ 39. Kxb3 b6 40. a4 Be1 41. Ka3 a5 42. Kb3 Kd6 43. Kc4 Be6+ 44. Kb5 Bf2 45. b4 Bd7+ 46. Kc4 Bxa4 47. bxa5 bxa5 48. g4 Bc6 49. Bc2 Be3 50. Kd3 Bg5 51. Kc4 Kc7 52. Bf5 Kb6 53. Bc2 Bb5+ 54. Kb3 Kc5 55. Bf5 a4+ 56. Ka2 Kb4 57. Bc2 Bc4+ 58. Ka1 a3 59. Be4 a2 0-1

[Event "CRO-chT U20 25th"]
[Site "Sv Filip i Jakov"]
[Date "2016.03.21"]
[Round "1.4"]
[White "Turcin, Lovro"]
[Black "Pavcevic, Bruno"]
[Result "1/2-1/2"]
[WhiteElo "2181"]
[BlackElo "2099"]
[PlyCount "34"]
[EventDate "2016.03.21"]
[EventType "team-tourn"]
[EventRounds "9"]
[EventCountry "CRO"]
[SourceTitle "CBM 171 Extra"]
[Source "ChessBase"]
[SourceDate "2016.04.26"]
[SourceVersion "1"]
[SourceVersionDate "2016.04.26"]
[SourceQuality "1"]

1. e4 c5 2. Nf3 a6 3. d4 cxd4 4. Nxd4 e5 5. Ne2 Nf6 6. g3 d5 7. exd5 Nxd5 8. Bg2 Be6 9. Nbc3 Bb4 10. Bd2 Nc6 11. 0-0 0-0 12. Nxd5 Bxd5 13. Bxd5 Qxd5 14. Bxb4 Nxb4 15. Qxd5 Nxd5 16. Rfd1 Rfd8 17. c3 Kf8 1/2-1/2

[Event "CRO-chT2 Center 25th"]
[Site "Croatia"]
[Date "2016.03.13"]
[Round "2.25"]
[White "Lasic, Luka"]
[Black "Turcin, Lovro"]
[Result "0-1"]
[WhiteElo "2120"]
[BlackElo "2181"]
[PlyCount "72"]
[EventDate "2016.03.13"]
[EventType "team-tourn"]
[EventRounds "11"]
[EventCountry "CRO"]
[SourceTitle "EXT 2019"]
[Source "ChessBase"]
[SourceDate "2018.10.10"]
[SourceVersion "1"]
[SourceVersionDate "2018.10.10"]
[SourceQuality "1"]

1. d4 Nf6 2. c4 g6 3. Nc3 d5 4. cxd5 Nxd5 5. Bd2 Bg7 6. Nf3 0-0 7. Rc1 Nc6 8. e3 e5 9. Nxd5 Qxd5 10. Bc4 Qd6 11. d5 Ne7 12. Qb3 a5 13. e4 f5 14. Bg5 Kh8 15. Nd2 c6 16. Qb6 Bf6 17. Be3 Qd7 18. Bc5 cxd5 19. exd5 Bg5 20. Rd1 Rf6 21. d6 Nc6 22. Nf3 Bh6 23. Rd5 Re6 24. 0-0 Bg7 25. Rfd1 Bf6 26. Re1 Bd8 27. Qb3 a4 28. Qe3 f4 29. Qe4 b6 30. Ba3 Bf6 31. Bb5 g5 32. Nxe5 Bxe5 33. Rxe5 Rxe5 34. Qxe5+ Nxe5 35. Rxe5 Ra5 36. Re8+ Qxe8 0-1

[Event "Bosnjaci op 21st"]
[Site "Bosnjaci"]
[Date "2016.01.06"]
[Round "6"]
[White "Turcin, Lovro"]
[Black "Biti, Ozren"]
[Result "1/2-1/2"]
[WhiteElo "2177"]
[BlackElo "2345"]
[PlyCount "66"]
[EventDate "2016.01.03"]
[EventType "swiss"]
[EventRounds "9"]
[EventCountry "CRO"]
[SourceTitle "CBM 170 Extra"]
[Source "ChessBase"]
[SourceDate "2016.02.25"]
[SourceVersion "1"]
[SourceVersionDate "2016.02.25"]
[SourceQuality "1"]

1. e4 d6 2. d4 Nf6 3. Nc3 e5 4. dxe5 dxe5 5. Qxd8+ Kxd8 6. Bg5 Be6 7. 0-0-0+ Nbd7 8. f4 exf4 9. Nf3 c6 10. e5 h6 11. Bh4 g5 12. Nxg5 hxg5 13. Bxg5 Kc7 14. exf6 Bh6 15. Bxh6 Rxh6 16. Be2 Rg8 17. Bf3 Rxf6 18. Rde1 Bg4 19. h4 Re6 20. h5 Bxf3 21. gxf3 Ne5 22. Re4 Nxf3 23. Rxf4 Ne5 24. h6 Reg6 25. Ne4 Rg1+ 26. Rxg1 Rxg1+ 27. Kd2 Rh1 28. Rf5 Nd7 29. Rxf7 Rxh6 30. Nc5 Rd6+ 31. Kc3 b6 32. Nxd7 Rxd7 33. Rxd7+ Kxd7 1/2-1/2

[Event "Hum na Sutli op 9th"]
[Site "Hum na Sutli"]
[Date "2015.09.05"]
[Round "9"]
[White "Turcin, Lovro"]
[Black "Kalajzic, Ivan"]
[Result "1-0"]
[WhiteElo "1981"]
[BlackElo "2167"]
[PlyCount "57"]
[EventDate "2015.08.28"]
[EventType "swiss"]
[EventRounds "9"]
[EventCountry "CRO"]
[SourceTitle "EXT 2016"]
[Source "ChessBase"]
[SourceDate "2015.10.08"]
[SourceVersion "1"]
[SourceVersionDate "2015.10.08"]
[SourceQuality "1"]

1. e4 e5 2. Nf3 Nc6 3. Bb5 a6 4. Ba4 Nf6 5. 0-0 Be7 6. Re1 b5 7. Bb3 0-0 8. h3 d6 9. c3 Na5 10. Bc2 c5 11. d4 Qc7 12. d5 Nb7 13. b3 Bd7 14. Bg5 h6 15. Be3 Ne8 16. Qe2 g5 17. Nh2 Ng7 18. Ng4 h5 19. Nh6+ Kh7 20. Nf5 Bxf5 21. exf5 Kh6 22. f6 Bxf6 23. h4 Qe7 24. Nd2 Rg8 25. Qd3 Rh8 26. Ne4 c4 27. bxc4 bxc4 28. Qd2 Nf5 29. hxg5+ 1-0

[Event "Hum na Sutli op 9th"]
[Site "Hum na Sutli"]
[Date "2015.08.29"]
[Round "2"]
[White "Bozinovic, Bogdan"]
[Black "Turcin, Lovro"]
[Result "1/2-1/2"]
[WhiteElo "2223"]
[BlackElo "1981"]
[PlyCount "92"]
[EventDate "2015.08.28"]
[EventType "swiss"]
[EventRounds "9"]
[EventCountry "CRO"]
[SourceTitle "EXT 2016"]
[Source "ChessBase"]
[SourceDate "2015.10.08"]
[SourceVersion "1"]
[SourceVersionDate "2015.10.08"]
[SourceQuality "1"]

1. d4 Nf6 2. c4 g6 3. Nc3 d5 4. Nf3 Bg7 5. Bg5 Ne4 6. Bf4 Nxc3 7. bxc3 c5 8. cxd5 Qxd5 9. e3 Nc6 10. Bd3 Bf5 11. Bxf5 Qxf5 12. Qb1 Qd7 13. 0-0 0-0 14. Rd1 cxd4 15. cxd4 Rac8 16. Qb5 Rfd8 17. a4 b6 18. Rac1 e5 19. Nxe5 Bxe5 20. Bxe5 Nxe5 21. Qxe5 Rxc1 22. Rxc1 Qxa4 23. h4 Re8 24. Qd5 Re7 25. Rc8+ Kg7 26. Qd8 Qd7 27. Qf8+ Kf6 28. Qh8+ Kf5 29. Rd8 Qc7 30. Rc8 Qd7 31. Rf8 Qc7 32. Qxh7 Qc1+ 33. Kh2 Qc7+ 34. Kh3 Ke4 35. h5 Kd3 36. hxg6 fxg6 37. Qxg6+ Kd2 38. g3 a5 39. e4 a4 40. Rf3 Qd7+ 41. Kg2 Rh7 42. Qg5+ Kc2 43. g4 Rg7 44. Qe3 Rxg4+ 45. Kh2 Rh4+ 46. Kg2 Rg4+ 1/2-1/2

[Event "CRO-ch U19"]
[Site "Krapinske Toplice"]
[Date "2015.07.31"]
[Round "9"]
[White "Rajter, Emil"]
[Black "Turcin, Lovro"]
[Result "0-1"]
[WhiteElo "1897"]
[BlackElo "1981"]
[PlyCount "52"]
[EventDate "2015.07.25"]
[EventType "swiss"]
[EventRounds "9"]
[EventCountry "CRO"]
[SourceTitle "CBM 167 Extra"]
[Source "ChessBase"]
[SourceDate "2015.09.14"]
[SourceVersion "1"]
[SourceVersionDate "2015.09.14"]
[SourceQuality "1"]

1. Nf3 Nf6 2. c4 g6 3. b3 Bg7 4. Bb2 0-0 5. g3 d5 6. Bg2 c5 7. cxd5 Nxd5 8. Bxg7 Kxg7 9. d3 Nc6 10. 0-0 e5 11. a3 Qe7 12. Qc2 Be6 13. Nc3 f6 14. Nxd5 Bxd5 15. Rac1 b6 16. e3 Rac8 17. Qb2 Rfd8 18. Rcd1 a5 19. d4 cxd4 20. exd4 Bxf3 21. Bxf3 Nxd4 22. Be4 f5 23. Bg2 Rc2 24. Qb1 Rdc8 25. Rfe1 Qc5 26. b4 Nf3+ 0-1

[Event "CRO-ch U19"]
[Site "Krapinske Toplice"]
[Date "2015.07.30"]
[Round "8"]
[White "Turcin, Lovro"]
[Black "Monjac, Mislav"]
[Result "0-1"]
[WhiteElo "1981"]
[BlackElo "2217"]
[PlyCount "63"]
[EventDate "2015.07.25"]
[EventType "swiss"]
[EventRounds "9"]
[EventCountry "CRO"]
[SourceTitle "CBM 167 Extra"]
[Source "ChessBase"]
[SourceDate "2015.09.14"]
[SourceVersion "1"]
[SourceVersionDate "2015.09.14"]
[SourceQuality "1"]

1. e4 c5 2. Nc3 Nc6 3. f4 g6 4. Nf3 Bg7 5. Bb5 Nd4 6. 0-0 a6 7. Bd3 d6 8. Nxd4 cxd4 9. Ne2 Nf6 10. c3 dxc3 11. bxc3 0-0 12. Bc2 b5 13. d3 Qc7 14. Bd2 Bd7 15. a4 Qa7+ 16. Kh1 b4 17. cxb4 Ng4 18. d4 Bxd4 19. Nxd4 Qxd4 20. Qe2 Rfc8 21. Bd3 Nf2+ 22. Qxf2 Qxd3 23. Qe1 Rc4 24. Rf3 Qxe4 25. Re3 Qd5 26. Rxe7 Rc2 27. Rxd7 Rxd2 28. Qf1 Re8 29. Qf3 Qd4 30. Rg1 Re4 31. Rxd6 Qxg1+ 32. Kxg1 0-1

[Event "CRO-ch U19"]
[Site "Krapinske Toplice"]
[Date "2015.07.27"]
[Round "4"]
[White "Matanovic, Luka"]
[Black "Turcin, Lovro"]
[Result "1/2-1/2"]
[WhiteElo "2189"]
[BlackElo "1981"]
[PlyCount "49"]
[EventDate "2015.07.25"]
[EventType "swiss"]
[EventRounds "9"]
[EventCountry "CRO"]
[SourceTitle "CBM 167 Extra"]
[Source "ChessBase"]
[SourceDate "2015.09.14"]
[SourceVersion "1"]
[SourceVersionDate "2015.09.14"]
[SourceQuality "1"]

1. e4 e5 2. Nf3 Nc6 3. Bb5 a6 4. Ba4 Nf6 5. 0-0 b5 6. Bb3 Bc5 7. a4 Bb7 8. c3 d6 9. d4 Bb6 10. Bg5 h6 11. Bxf6 Qxf6 12. Bd5 0-0 13. Na3 Rfe8 14. dxe5 dxe5 15. axb5 axb5 16. Nxb5 Rxa1 17. Qxa1 Na5 18. b4 Bxd5 19. bxa5 Bc4 20. axb6 Bxb5 21. Rb1 Bd3 22. Qa4 Rf8 23. Rb2 cxb6 24. Rd2 b5 25. Qb4 1/2-1/2

[Event "CRO-ch U19"]
[Site "Krapinske Toplice"]
[Date "2015.07.25"]
[Round "1"]
[White "Turcin, Lovro"]
[Black "Ivekovic, Bozidar1111"]
[Result "0-1"]
[WhiteElo "1981"]
[BlackElo "2374"]
[PlyCount "106"]
[EventDate "2015.07.25"]
[EventType "swiss"]
[EventRounds "9"]
[EventCountry "CRO"]
[SourceTitle "CBM 167 Extra"]
[Source "ChessBase"]
[SourceDate "2015.09.14"]
[SourceVersion "1"]
[SourceVersionDate "2015.09.14"]
[SourceQuality "1"]

1. e4 c5 2. Nc3 Nc6 3. f4 g6 4. Nf3 Bg7 5. Bb5 Nd4 6. 0-0 e6 7. e5 a6 8. Bd3 d5 9. Nxd4 cxd4 10. Ne2 Qb6 11. b3 Ne7 12. Qe1 Nc6 13. Bb2 0-0 14. Qf2 f6 15. exf6 Bxf6 16. Qf3 Bd7 17. g4 Nb4 18. Kh1 Rac8 19. Ba3 e5 20. fxe5 Bxe5 21. Qg2 Bc6 22. h4 Rxf1+ 23. Rxf1 Nxd3 24. cxd3 Qa5 25. Be7 Qc7 26. Bf6 Bxf6 27. Rxf6 Qe5 28. Qf2 Bb5 29. Rf3 Bd7 30. Rf4 Bb5 31. Rf3 Qe6 32. Qxd4 Bc6 33. Re3 Qf7 34. Kg2 Rf8 35. Ng3 h5 36. Re5 Qf3+ 37. Kh2 Rf4 38. Qb6 d4 39. Re2 Qxg4 40. Qd8+ Rf8 41. Qg5 Qxg5 42. hxg5 Rf3 43. Ne4 Rxd3 44. Nf6+ Kf7 45. Rf2 Rf3 46. Rxf3 Bxf3 47. Kg3 Bc6 48. b4 Ke6 49. Kf4 Kd6 50. a3 d3 51. Ke3 Ke5 52. Kxd3 Kf4 53. Nxh5+ gxh5 0-1